000 00786nam a2200253 a 4500
001 000010167
003 DO-SdBNP
005 20230824101140.0
007 000010167
008 091005s1995 dr a 000 p spa d
040 _aBPMSU
_bspa
_cBPMSU
082 4 _aRD861.44
_bG861c
_222
100 1 _aGrimaldi Silié, Eleanor,
_d1948-
245 1 0 _aCristal de ilusiones /
_cEleanor Grimaldi Silié ; ilustrador Teresita Jiménez.
_h
260 _aSanto Domingo :
_bTaller,
_c1995.
300 _a52 p. :
_bil. ;
_c21 cm.
650 4 _aPOESÍA DOMINICANA
650 4 _aLITERATURA DOMINICANA
700 1 _aJiménez, Teresita,
_eil.
910 _aValidado. Control de calidad BNPHU
942 _2ddc
_cBK
945 _a Inventariado / 2017 VM
956 _aVMATEO
_b10
_c20150922
_lBPMSU
_h0069
999 _c7277
_d7277